000 00571nam a2200169 4500
001 132278
003 ES-MaACL
005 20230906194137.0
007 t|
008 070214s1966 sp r ||||1| spa d
100 1 _aRoldán, Antonio.
_999131
245 1 3 _aLa cultura de la viña en la región del condado
_b: contribución léxica a la geografía dialectal /
_cAntonio Roldán.
260 _aMadrid :
_bInstituto Miguel de Cervantes,
_c1966.
300 _a174 p. ;
_c24 cm.
710 2 _aInstituto "Miguel de Cervantes"
_95133
852 _aES-MaACL
_jC-29184
_bR.59594
999 _c132278
_d132278